00365cam a22001217a 4500008004000000082001100040100001600051245009900067260002900166300001000195650001800205650002000223180718b1977 xxu||||| |||| 00| 0 eng d aB H859 aHsueh, S.S. aSocial sciences and national development: the southeast Asian experiencecedited by S.S. Hsueh aNew DelhibAbhinavc1977 a138p. aSocial change aSocial sciences